Toutes les gares ferroviaires d'Ille-et-Vilaine - Statistiques

Statistiques générales
  • Ce quiz a été pris 21 fois
  • Le résultat moyen est 15 sur 46
Statistiques - réponses
Fréquentation annuelle Nom de la gare % Correct
15 689 647 Rennes
100%
1 197 732 Vitré
94%
207 859 Cesson-Sévigné
88%
1 832 479 Saint-Malo
82%
1 104 562 Redon
76%
258 664 Bruz
59%
654 150 Dol-de-Bretagne
59%
4 619 Saint-Jacques-de-la-Lande
59%
683 698 Châteaubourg
47%
399 260 Messac - Guipry
47%
636 464 Montfort-sur-Meu
41%
114 781 Betton
35%
470 409 Combourg
35%
25 628 Les Lacs
35%
354 751 Montauban-de-Bretagne
35%
361 091 Montreuil-sur-Ille
35%
405 981 Pontchaillou
35%
214 051 Servon-sur-Vilaine
35%
261 077 Janzé
29%
22 356 La Brohinière
29%
71 677 La Poterie
29%
332 259 Noyal - Acigné
29%
91 170 Retiers
29%
16 997 Vern-sur-Seiche
29%
114 549 Breteil
24%
26 260 Corps-Nuds
24%
95 268 Ker Lann
24%
29 088 Laillé
24%
13 231 Saint-Armel
24%
87 636 Saint-Germain-sur-Ille
24%
91 727 Chevaigné
18%
14 285 Dingé
18%
23 632 La Fresnais
18%
94 728 La Gouesnière - Cancale - Saint-Méloir-des-Ondes
18%
20 282 Martigné-Ferchaud
18%
46 445 Pléchâtel
18%
33 144 Quédillac
18%
59 018 Saint-Médard-sur-Ille
18%
30 336 Fougeray - Langon
12%
226 719 Guichen - Bourg-des-Comptes
12%
34 858 Le Theil-de-Bretagne
12%
66 738 L'Hermitage - Mordelles
12%
29 136 Saint-Senoux - Pléchâtel
12%
9 861 Bonnemain
6%
1 676 Miniac-Morvan
0%
1 182 Plerguer
0%
Aucun quiz correspondant
Distribution des résultats
% des personnes avec chaque résultat
Percentile par nombre de réponses
Votre historique - résultats
Vous n’avez pas pris ce quiz